000 02258nam a2200325 4500
001 73
003 OSt
005 20250528074011.0
008 250123b |||||||g |||| 00| 1 eng d
020 _a8575421611
040 _bpor
041 _heng
_apor
082 _a813
_bB877f
100 1 _aBrown, Dan,
_d1964-
_9179
240 _aDigital Fortress
245 _aFortaleza Digital /
_cBrown, Dan ; Tradução de Carlos Irineu da Costa
260 _aRio de Janeiro
_bSextante
_c2005
300 _a331 p.
520 _aAntes de estourar no mundo inteiro com O código Da Vinci, Dan Brown já demonstrava um talento singular como contador de histórias no seu primeiro livro, Fortaleza digital, lançado em 1998 nos Estados Unidos. Muitos dos ingredientes que, anos depois, fariam com que o autor fosse reconhecido como um novo mestre dos livros de ação e suspense já estavam presentes no seu romance de estréia: a narrativa rápida, a trama repleta de reviravoltas que prendem o leitor da primeira à última página e o fascínio exercido por códigos secretos, criptografia e enigmas misteriosos. Em Fortaleza digital, Brown mergulha no intrigante universo dos serviços de informação e ambienta sua história na ultra-secreta e multibilionária NSA, a Agência de Segurança Nacional americana, mais poderosa do que a CIA ou qualquer outra organização de inteligência do mundo. Quando o supercomputador da NSA, até então considerado uma arma invencível para decodificar mensagens terroristas transmitidas pela Internet, se depara com um novo código que não pode ser quebrado, a agência recorre à sua mais brilhante criptógrafa, a bela matemática Susan Fletcher. Presa numa teia de segredos e mentiras, sem saber em quem confiar, Susan precisa encontrar a chave do engenhoso código para evitar o maior desastre da história da inteligência americana e para salvar a sua vida e a do homem que ama.
650 0 _aLiteratura Americana
_984
650 0 _aSuspense
_910
650 0 _aMistério
_942
650 0 _aAventura
_947
650 0 _aCrime e Investigação
_913
650 0 _aRomance Policial
_911
655 0 _aRomance
_923
655 0 _aFicção
_922
700 _aCarlos Irineu da Costa
_eTradutor
_9182
942 _2ddc
_n0
_cBK
999 _c73
_d73